Sociology in Germany (Record no. 35065)
[ view plain ]
| 000 -LEADER | |
|---|---|
| fixed length control field | 00895nam a2200121Ia 4500 |
| 008 - FIXED-LENGTH DATA ELEMENTS--GENERAL INFORMATION | |
| fixed length control field | 220620s9999||||xx |||||||||||||| ||und|| |
| 100 ## - MAIN ENTRY--PERSONAL NAME | |
| Personal name | Moebius, Stephan |
| 245 #0 - TITLE STATEMENT | |
| Title | Sociology in Germany |
| Remainder of title | A History |
| 546 ## - LANGUAGE NOTE | |
| Language note | English[eng] |
| 650 ## - SUBJECT ADDED ENTRY--TOPICAL TERM | |
| Topical term or geographic name entry element | Social Sciences, general||Sociology, general||History of Germany and Central Europe||Social Choice/Welfare Economics/Public Choice/Political Economy||Cultural History||Sociology||History of Sociology||Social Choice and Welfare||German Democratic Republic||The Frankfurt School||The Marburg School||German Empire||fascism||Weimar Republic||Open Access||West Germany||theory-boom||anti-sociology||Marxist-Leninist||gender turn||hyphen sociologies||Society & Social Sciences||European history||Economic theory & philosophy||Social & cultural history |
| 856 ## - ELECTRONIC LOCATION AND ACCESS | |
| Uniform Resource Identifier | <a href="https://library.oapen.org/bitstream/20.500.12657/50033/1/978-3-030-71866-4.pdf">https://library.oapen.org/bitstream/20.500.12657/50033/1/978-3-030-71866-4.pdf</a> |
| 942 ## - ADDED ENTRY ELEMENTS (KOHA) | |
| Koha item type | E-Books |
| Withdrawn status | Lost status | Damaged status | Not for loan | Home library | Current library | Date acquired | Total Checkouts | Date last seen | Price effective from | Koha item type |
|---|---|---|---|---|---|---|---|---|---|---|
| Kerala University of Digital Sciences, Innovation and Technology Knowledge Centre | Kerala University of Digital Sciences, Innovation and Technology Knowledge Centre | 20/06/2022 | 20/06/2022 | 20/06/2022 | E-Books |